000 00670nam a2200241Ia 4500
003 OSt
005 20220925221322.0
006 a|||||r|||| 00| 0
007 ta
008 220923b |||||||| |||| 00| 0 eng d
020 _a0 85520 011 1
037 _cGeneral Book
040 _aRTL
_cRTL
_beng
041 _2eng
_aeng
082 _aX:740j77.73.N7, L2
100 _aCornwall John
_9266414
245 0 _aGrowth and stability in mature economy
260 _aLondon
_bMartin robertson
_c1972
300 _a287p.
_ccm.
650 _aBusiness Cycle
942 _hX:740j77.73.N7, L2
_cGB
_2CC
999 _c573954
_d573954